• 首页
  • 本馆介绍
  • 公告通知
  • 最新文献
  • 馆藏检索
  • 电子资源
  • 读者导购
  • 参考咨询
  • 我的图书馆
  • 登录
  • 详细信息显示
  • 放入我的书架
  • 预约/预借图书
  • 作者相关作品
  • 分类相关作品
  • 丛书相关作品
  • 出版社相关作品

书目信息

  • 表格格式
  • 工作单格式
  • 卡片格式
题名:
极端电网环境下双馈风力发电系统运行控制
    
 
作者: 沈阳武 主编
分册:  
出版信息: 北京   中国电力出版社  2021.1
页数: 190页
开本: 23cm
丛书名:
单 册:
中图分类: TM315.06
科图分类:
主题词: 双馈电机--风力发电机--发电机运行--控制系统
电子资源:
ISBN: 978-7-5123-8662-4
000 01419nam0 2200277 45
001 012001002347
005 20140913172746.0
010    @a978-7-5123-8662-4@dCNY50.00
096    @aTM31@bsyw
100    @a20160304d2015 em y0chiy50 ea
101 0  @achi
102    @aCN@b110000
105    @ay z 000yy
106    @ar
200 1  @a极端电网环境下双馈风力发电系统运行控制@Aji duan dian wang huan jing xia shuang kui feng li fa dian xi tong yun xing kong zhi@b专著@dControl and operation of doubly-fed wind power generation system under extreme grid condition@f沈阳武主编@zeng
210    @a北京@c中国电力出版社@d2021.1
215    @a190页@d23cm
300    @a并列题名:Control and operation of doubly-fed wind power generation system under extreme grid condition
304    @a国网湖南省电力公司电力科学研究院组编
330    @a本书共分8章,分别介绍了国内外风力发电概况与发展现状、风力发电系统基本控制技术和发展趋势,风电并网规范和并网事故典型案例,双馈风力发电系统的数学模型与控制,电网电压畸变下双馈风力发电系统低/高电压穿越控制,双馈风力发电系统暂态无功功率控制,储能型双馈风力发电系统故障穿越控制。
510 1  @aControl and operation of doubly-fed wind power generation system under extreme grid condition@zeng
606 0  @a双馈电机@x风力发电机@x发电机运行@x控制系统
690    @aTM315.06@v5
701  0 @a沈阳武@Ashen yang wu@4主编
801  0 @aCN@bBJSDL@c20211011
905    @b1339377-80@dTM315.06@e50@f4
    
    极端电网环境下双馈风力发电系统运行控制=Control and operation of doubly-fed wind power generation system under extreme grid condition/沈阳武主编.-北京:中国电力出版社,2021.1
    190页;23cm
    并列题名:Control and operation of doubly-fed wind power generation system under extreme grid condition
    
    ISBN 978-7-5123-8662-4:CNY50.00
    本书共分8章,分别介绍了国内外风力发电概况与发展现状、风力发电系统基本控制技术和发展趋势,风电并网规范和并网事故典型案例,双馈风力发电系统的数学模型与控制,电网电压畸变下双馈风力发电系统低/高电压穿越控制,双馈风力发电系统暂态无功功率控制,储能型双馈风力发电系统故障穿越控制。
●
相关链接 在E读中查询图书 在五车中查询图书 在当当中查询图书 在豆瓣中查询图书


正题名:极端电网环境下双馈风力发电系统运行控制     索取号:TM315.06/50         预约/预借

序号 登录号 条形码 馆藏地/架位号 状态 备注
1 1339377   213393772   第二样本阅览室/ [索取号:TM315.06/50] 在馆    
2 1339378   213393781   第三借阅区/ [索取号:TM315.06/50] 在馆    
3 1339379   213393790   第三借阅区/ [索取号:TM315.06/50] 在馆    
4 1339380   213393807   第三借阅区/ [索取号:TM315.06/50] 在馆    
唐山师范学院图书馆 欢迎您!
大连网信软件有限公司© 版权所有